| 000 | 00631nmm a2200241 a 4500 | ||
|---|---|---|---|
| 003 | AR-BaBNM | ||
| 005 | 20251128210126.0 | ||
| 008 | 089019n ||||||||||||||000 | spa|| | ||
| 020 | _a950-506-133-1 | ||
| 040 | _cAR-BaBNM | ||
| 100 | 1 | _aDuhart, Saramaría | |
| 245 | 1 | 0 |
_aEl fabricante de pájaros _bcuentos |
| 260 |
_aBuenos Aires _bLibrería Hachette _c1986 |
||
| 300 |
_a156 p. _bil. |
||
| 650 | 4 | _aLIBROS PARA NINOS | |
| 650 | 4 | _aLITERATURA INFANTIL | |
| 650 | 4 | _aCUENTOS DE AVENTURAS | |
| 653 | _aLITERATURA FANTASTICA | ||
| 653 | _aCUENTO MARAVILLOSO | ||
| 655 | _aLITERATURA | ||
| 942 | _cBK | ||
| 998 | _cMARTIN | ||
| 999 |
_c14154 _d14154 |
||